01293cam a22002654a 450000100090000000300040000900500170001300800410003001000170007102000280008804000180011604200080013405000150014208200170015710000390017424501050021326000580031830000340037644000350041050400500044550504230049565000690091865000150098765000250100213456022OSt20220210130450.0040113s2004 nyua b 001 0 eng  a 2004041674 a079145987X (alk. paper) aDLCcDLCdDLC apcc00aJZ6045.S7400a327.1/722221 aSteiner, Barry H.q(Barry Howard),10aCollective preventive diplomacy :ba study in international conflict management /cBarry H. Steiner. aAlbany :bState University of New York Press,cc2004. axii, 255 p. :bill. ;c24 cm. 0aSUNY series in global politics aIncludes bibliographical reference and index. aContents : Part 1: Framework and concepts : Introduction -- Insulation and intervention: A conceptual overview -- Forging great-power consensus -- Part 2 : The history: Eight cases -- Part 3: Case analysis : Local ethics conflict as an international problem -- Great-power objectives and agenda making -- Conciliating the antagonists -- From conciliation to coercion -- The endgame -- Part 4: Implications for policy  0aDiplomatic negotiations in international disputesvCase studies. 0aDiplomacy. 0aConflict management.